000 00298nam a2200121Ia 4500
008 211105s9999 xx 000 0 und d
020 _aVYASA02002
100 _aGrimm George
245 0 _aBuddhist Wisdom The Mystery Of The Self
250 _a\N
260 _bMotilal Banarsidass
_c\N
300 _a68p.
999 _c6706
_d6706